Pokemons UnderUsed BorderLine (UUBL) - Statistiques

Statistiques générales
  • Ce quiz a été pris 26 fois
    17 depuis la dernière actualisation
  • Le résultat moyen est 98 sur 161
Statistiques - réponses
Gen Noms % Correct
2g Dracaufeu
100%
6g | 7g Drattak
100%
8g | 9g Latias
100%
7g | 8g Latios
100%
3g Mackogneur
100%
7g Méga Latios
100%
6g | 8g Terrakium
100%
3g Aquali
83%
1g | 2g | 3g Artikodin
83%
3g | 8g | 9g Braségali
83%
9g Carchacrok
83%
2g | 3g | 7g Dracolosse
83%
2g | 3g Florizarre
83%
4g Gallame
83%
3g Gardevoir
83%
7g | 9g Hoopa Déchaîné
83%
3g Jungko
83%
3g | 5g Leveinard
83%
7g Méga Florizarre
83%
6g | 7g Méga Gallame
83%
7g Méga Gardevoir
83%
2g Méganium
83%
3g Regice
83%
3g Regirock
83%
3g Registeel
83%
3g Rhinoféros
83%
2g Sulfura
83%
8g | 9g Sulfura de galar
83%
2g | 3g Tauros
83%
2g | 3g Typhlosion
83%
6g Victini
83%
3g | 6g | 7g | 8g Alakazam
67%
9g Bekipan
67%
4g Blizzaroi
67%
7g Chapignon
67%
4g Cresselia
67%
3g Ecremeuh
67%
8g Ectoplasma
67%
8g | 9g Ekaïser
67%
8g Electhor de galar
67%
4g | 5g | 6g | 7g Etouraptor
67%
3g Flagadoss
67%
7g | 8g Fulguris
67%
6g | 7g Fulguris totémique
67%
7g Léviator
67%
3g Lippoutou
67%
1g | 2g Lokhlass
67%
6g Méga Alakazam
67%
6g Méga Léviator
67%
6g Méga Roucarnage
67%
2g | 3g Mentali
67%
4g | 5g Momartik
67%
3g Noadkoko
67%
3g Noctali
67%
3g Ossatueur
67%
9g Palmaval
67%
2g | 3g Porygon2
67%
4g | 7g Porygon-Z
67%
3g Steelix
67%
3g Téraclope
67%
6g | 7g Bétochef
50%
6g | 8g Brutalibré
50%
7g Cablifère
50%
2g | 3g Démolosse
50%
7g Dimoret
50%
2g | 3g Entei
50%
8g Exagide
50%
7g Feunard d'alola
50%
3g Hariyama
50%
3g Hélédelle
50%
2g Kangourex
50%
5g Lugulabre
50%
9g Malvalame
50%
7g Maraiste
50%
7g Méga Scarabrute
50%
7g Méga Scarhino
50%
7g Mouscoto
50%
9g Paume-de-fer
50%
6g Pyrax
50%
2g | 3g Queulorior
50%
5g Qulbutoké
50%
3g | 4g Raikou
50%
4g Scarhino
50%
3g Smogogo
50%
6g Togekiss
50%
2g | 3g Ursaring
50%
4g Yanméga
50%
6g Zygarde
50%
3g Armaldo
33%
3g Charmina
33%
2g | 3g Cizayox
33%
2g | 3g Donphan
33%
6g | 7g Excavarenne
33%
9g Félicanis
33%
8g Galvagla
33%
8g Galvagon
33%
1g Hypnomade
33%
2g | 3g Hyporoi
33%
3g Kadabra
33%
5g Kyurem
33%
2g Mélodelfe
33%
3g Monaflèmit
33%
3g | 4g Nostenfer
33%
9g Polthégeist
33%
9g Roc-de-fer
33%
8g Shaofouine
33%
5g Sidérella
33%
9g Ursaking
33%
6g | 7g Brutapode
17%
4g Corboss
17%
3g Dodrio
17%
3g Linéon
17%
3g Ludicolo
17%
3g Mangriff
17%
6g Méga Altaria
17%
2g Tentacruel
17%
6g Cupcanaille
0%
Aucun quiz correspondant
Distribution des résultats
% des personnes avec chaque résultat
Percentile par nombre de réponses
Votre historique - résultats
Vous n’avez pas pris ce quiz depuis la dernière actualisation